000
00282nam a22001217a 4500
003
OSt
005
20260116112412.0
008
260116b |||||||| |||| 00| 0 eng d
040
_c
fms
100
_a
Quick (J.C)
_9
898179
245
_a
Organizational Behavior
942
_2
CC
_c
TB
_e
7
_n
0
999
_c
1490772
_d
1490772